Central Library OPAC University of Rajshahi

Communications in the building industry : (Record no. 15856)

MARC details
000 -LEADER
fixed length control field 00940cam a2200277u 4500
001 - CONTROL NUMBER
control field 15856
003 - CONTROL NUMBER IDENTIFIER
rucl marc code BD-RjUL
005 - DATE AND TIME OF LATEST TRANSACTION
control field 20211208235910.0
008 - FIXED-LENGTH DATA ELEMENTS--GENERAL INFORMATION
fixed length control field 140211t1965 enka 000 0 eng
035 ## - SYSTEM CONTROL NUMBER
System control number (BD-RjUL)15911
040 ## - CATALOGING SOURCE
Original cataloging agency DLC
Transcribing agency CarP
Modifying agency DLC
-- BD-RjUL
Language of cataloging eng
041 ## - LANGUAGE CODE
Language code of text/sound track or separate title eng
082 04 - DEWEY DECIMAL CLASSIFICATION NUMBER
Classification number 658.99
Author mark and year HIC 1965
100 1# - MAIN ENTRY--PERSONAL NAME
Personal name Higgin, Gurth.
9 (RLIN) 49172
245 10 - TITLE STATEMENT
Title Communications in the building industry :
Remainder of title The report of A pilot study /
Statement of responsibility, etc. Gurth Higgin & Neil Jessop.
260 ## - PUBLICATION, DISTRIBUTION, ETC. (IMPRINT)
Place of publication, distribution, etc. London :
Name of publisher, distributor, etc. Tavistock Institute of Human Relations,
Date of publication, distribution, etc. 1965
300 ## - PHYSICAL DESCRIPTION
Pagination 125 p :
Illustrations illus. ;
Size 30 cm.
650 #0 - SUBJECT ADDED ENTRY--TOPICAL TERM
Topical term or geographic name as entry element Communication in management.
9 (RLIN) 16403
Topical term or geographic name as entry element Construction industry.
9 (RLIN) 11158
700 1# - ADDED ENTRY--PERSONAL NAME
Personal name Jessop, Neil,
Relator term joint author.
830 #0 - SERIES ADDED ENTRY--UNIFORM TITLE
Volume number/sequential designation T.79. [from old catalog]
830 #0 - SERIES ADDED ENTRY--UNIFORM TITLE
Uniform title Tavistock Institute of Human Relations [London] Doc[ument]
942 ## - ADDED ENTRY ELEMENTS (KOHA)
Source of classification or shelving scheme Dewey Decimal Classification
Koha item type Books
Holdings
Lost status Source of classification or shelving scheme Damaged status Not for loan Collection code Permanent Location Current Location Shelving location Date acquired Source of acquisition Cost, normal purchase price Total Checkouts Full call number Date last seen Copy number Koha item type
  Dewey Decimal Classification   Not For Loan Non-fiction Central Library, University of Rajshahi Central Library, University of Rajshahi Reading Room 17/07/1973 mitali Prokasoni 25.50   658.99 HIC 1965 11/02/2014 C-1 Books